Diseño de sistema de alcantarillado sanitario de la urbanización Villa Navidad de la ciudad de Estelí
Presenta el diseño de sistema de alcantarillado sanitario de la urbanización Villa Navidad de la ciudad de Estelí en el cual se presentan los cálculos hidráulicos de la red y elementos estructurales correspondientes, así como también los planos constructivos de la red hidráulica y obras inme...
| Main Authors: | , |
|---|---|
| Other Authors: | |
| Format: | Tesis Section = Libro |
| Language: | Undetermined Spanish |
| Published: |
Managua
UNI
2011
|
| Subjects: |
| LEADER | 01174nam a2200265Ia 4500 | ||
|---|---|---|---|
| 008 | 240830s9999 xx 000 0 und d | ||
| 040 | |a BIBLIOTECA-RUPAP Mon 628.2 T693 | ||
| 041 | |a spa | ||
| 082 | |a Mon 628.2 T693 | ||
| 100 | 1 | |a Torres Morales, Engels Fabricio | |
| 100 | 1 | |b Ordoñez Zeledón, Patricia Yahosk | |
| 245 | 1 | 0 | |a Diseño de sistema de alcantarillado sanitario de la urbanización Villa Navidad de la ciudad de Estelí |
| 260 | |a Managua |b UNI |c 2011 | ||
| 300 | |a 71 p. :il. | ||
| 500 | |a Contiene: anexos. | ||
| 502 | |a Tesis (Ingeniero Civil)- UNI, 2011. | ||
| 520 | 3 | |a Presenta el diseño de sistema de alcantarillado sanitario de la urbanización Villa Navidad de la ciudad de Estelí en el cual se presentan los cálculos hidráulicos de la red y elementos estructurales correspondientes, así como también los planos constructivos de la red hidráulica y obras inmediatas. | |
| 650 | 7 | |a ALCANTARILLADO SANITARIO | |
| 650 | 7 | |b SISTEMA DE ALCANTARILLDO - DISEÑO | |
| 650 | 7 | |c INGENIERIA SANITARIA | |
| 650 | 7 | |d INGENIERIA HIDRAULICA | |
| 700 | 1 | |a Tutor: |b Valdivia Camas, José René | |
| 942 | |c BK |2 ddc | ||
| 991 | |a TESIS | ||
| 999 | |c 16343 | ||